000
00302nam a2200109Ia 4500
008
230907s9999||||xx |||||||||||||| ||und||
082
_a
327.561009049
_b
NAC
245
0
_a
Turkey--facing a new millennium :
260
_a
Manchester University Press,
_b
Manchester :
_c
2009
300
_a
264 p.
942
_c
BK
999
_c
600086
_d
600086